000 01292cam a2200325 a 4500
005 20260322212056.0
008 data
010 _a 2009459279
020 _a9780314199492 (alk. paper)
020 _a9780314199508 (deluxe) (alk. paper)
020 _a0314199497
040 _aDLC
_cDLC
043 _an-us---
050 0 0 _aKF156
_b.B53 2009
092 _a340.03 B53 2009
245 0 0 _aBlack's law dictionary /
_cedited by Bryan A. Garner & Henry Campbell Black.
246 3 0 _aLaw dictionary
250 _a9th ed.
260 _aSt. Paul, MN :
_bWest,
_cc2009.
300 _axxxi, 1920 p. ;
_c26 cm.
504 _aIncludes bibliographical references (p. 1907-1920).
650 0 _aLaw
_zUnited States
_vDictionaries.
650 0 _aLaw
_vDictionaries.
700 1 _aGarner, Bryan A.
700 1 _aBlack, Henry Campbell,
_d1860-1927.
_tLaw dictionary.
906 _a7
_bcbc
_corigres
_d2
_encip
_f20
_gy-gencatlg
925 0 _aacquire
_bCopy 1=LL RR DESK; Copy 2=LL RR; Copy 3-5=LL CSD; Copy 6-7=deck; Copy 8-9=LL 0; Copy 10=Cat Ref; Copy 11-12=shelf
_xMWS 2009-07-07
955 _txg13 2009-12-02 Copy 11-12 to LL
_tcopy 10 to Law Sect. Cat Ref. (LM, Rm. 551)
_txg13 2009-12-02 Copy 11-12 to LL
_eCatRefProj bc15 2010-10-14
001 data
999 _c1347
_d1347